| 000 -LEADER |
| fixed length control field |
00393nam a22001337a 4500 |
| 020 ## - INTERNATIONAL STANDARD BOOK NUMBER |
| ISBN |
9789352606603 |
| 082 ## - DEWEY DECIMAL CLASSIFICATION NUMBER |
| Classification number |
621.382 |
| 100 ## - MAIN ENTRY--AUTHOR NAME |
| Personal name |
Bernard Davis and SRM Prasanna George Kennedy |
| 245 ## - TITLE STATEMENT |
| Title |
Kennedy's Electronic Communication System |
| Statement of responsibility, etc |
Bernard Davis and SRM Prasanna George Kennedy |
| 250 ## - EDITION STATEMENT |
| Edition statement |
6th |
| 260 ## - PUBLICATION, DISTRIBUTION, ETC. (IMPRINT) |
| Place of publication |
India |
| Name of publisher |
MC GRAW HILL INDIA |
| Year of publication |
2018 |
| 300 ## - PHYSICAL DESCRIPTION |
| Number of Pages |
670 pages. |
| 942 ## - ADDED ENTRY ELEMENTS (KOHA) |
| Koha item type |
Books |